[Event "FRA-chT U20"]
[Site "Pau"]
[Date "2005.12.20"]
[Round "7"]
[White "Ider, Borya"]
[Black "Anres, Pierre"]
[Result "1-0"]
[WhiteElo "1900"]
[BlackElo "1450"]
[PlyCount "121"]
[EventDate "2005.12.??"]
[EventType "team"]
[EventRounds "11"]
[EventCountry "FRA"]
[SourceTitle "EXT 2007"]
[Source "ChessBase"]
[SourceDate "2006.11.23"]
[SourceVersion "1"]
[SourceVersionDate "2006.11.23"]
[SourceQuality "1"]
[WhiteTeam "Paris NAO"]
[BlackTeam "Pau"]
[WhiteTeamCountry "FRA"]
[BlackTeamCountry "FRA"]

1. d4 Nf6 2. Nf3 d5 3. e3 Bf5 4. c4 c6 5. Nc3 e6 6. Qb3 Qb6 7. Qxb6 axb6 8. cxd5 exd5 9. Be2 Nbd7 10. 0-0 Bd6 11. b3 0-0 12. Bb2 h6 13. a3 Rfe8 14. b4 Re7 15. Rfd1 Bh7 16. b5 Ne4 17. Nxe4 Bxe4 18. bxc6 bxc6 19. Rdc1 c5 20. Nd2 c4 21. Nxe4 Rxe4 22. Bf3 Nf6 23. Bxe4 Nxe4 24. Rc2 b5 25. f3 Nf6 26. g3 Ra4 27. Kf2 Nd7 28. e4 Nb6 29. Ke2 g5 30. Rac1 Bxa3 31. Bxa3 Rxa3 32. Rb1 Ra5 33. Rb4 dxe4 34. fxe4 f6 35. Ke3 Kf7 36. d5 Ke7 37. Kd4 Kd6 38. Rf2 Nd7 39. Rfb2 Ra3 40. Rxb5 c3 41. Rc2 Ne5 42. Rxc3 Ra4+ 43. Ke3 Ng4+ 44. Kd3 Ne5+ 45. Ke3 Ng4+ 46. Kd2 Rd4+ 47. Rd3 Rxd3+ 48. Kxd3 Ne5+ 49. Kc3 Nd7 50. Kd4 h5 51. Ra5 Nb8 52. Ra7 Nd7 53. Ra6+ Ke7 54. h4 gxh4 55. gxh4 Nf8 56. Ra7+ Nd7 57. Rb7 Kd6 58. Rb1 Ne5 59. Rf1 Ng4 60. Rf5 Nh6 61. Rxf6+ 1-0

[Event "FRA-chT U20 0506"]
[Site "France"]
[Date "2005.11.13"]
[Round "3.5"]
[White "Tobitt Jupillat, Eric"]
[Black "Anres, Pierre"]
[Result "0-1"]
[WhiteElo "1440"]
[BlackElo "1450"]
[PlyCount "142"]
[EventDate "2005.11.12"]
[EventType "team"]
[EventRounds "3"]
[EventCountry "FRA"]
[SourceTitle "CBM 109 Extra"]
[Source "ChessBase"]
[SourceDate "2006.01.03"]
[SourceVersion "2"]
[SourceVersionDate "2006.01.03"]
[SourceQuality "1"]

1. e4 e6 2. d4 d5 3. e5 c5 4. c3 Nc6 5. Nf3 Qb6 6. a3 c4 7. Be2 Na5 8. Nbd2 Bd7 9. Rb1 Nb3 10. Nxb3 Ba4 11. Nfd2 Bxb3 12. Nxb3 Qxb3 13. Qxb3 cxb3 14. Bb5+ Kd8 15. Ba4 Ne7 16. Bxb3 b5 17. 0-0 Nc6 18. Bd2 Na5 19. Bc2 Nc4 20. Rfd1 h6 21. Bc1 g5 22. b3 Nxa3 23. Bxa3 Bxa3 24. b4 a5 25. Rd3 Kd7 26. Rf3 Ke7 27. h3 axb4 28. cxb4 Rhc8 29. Bd3 Rcb8 30. Ra1 Bb2 31. Rxa8 Rxa8 32. Bxb5 Bxd4 33. Rf6 Bxe5 34. Rxh6 Bc3 35. Bc6 Ra1+ 36. Kh2 d4 37. Rh8 d3 38. Re8+ Kf6 39. Rd8 d2 40. Bf3 Bxb4 41. Rd4 Ba5 42. Bg4 Rf1 43. Kg3 Rc1 44. Kh2 Ra1 45. Bf3 Ra3 46. Kg1 Ra1+ 47. Kh2 Rf1 48. Kg3 Bc7+ 49. Kg4 Rxf2 50. Rd7 Be5 51. Kh5 Rf1 52. Kh6 d1Q 53. Bxd1 Bg3 54. Bh5 Ke5 55. Bxf7 Bf2 56. Kg6 Be1 57. Re7 Rf6+ 58. Kh5 Kd6 59. Rb7 Bd2 60. Be8 Ke5 61. Rb5+ Ke4 62. Rb2 Rf2 63. g3 Rh2 64. h4 Ke3 65. Kxg5 Kf3+ 66. Kh5 e5 67. Rb3+ Be3 68. g4 Rd2 69. g5 Rd8 70. Bc6+ e4 71. g6 Rh8# 0-1